00579 2200193 4500001002100000005001500021035002000036007000300056008004100059020002200100082001100122084001700133100001900150245009700169250002900266260003800295300003500333650001700368INLIS00000000000172920250801075920 a0010-0825000005ta250801 g 0 ind  a978-602-7768-34-5 a530.03 a530.03 HER k0 aHermawan Aksan1 aKamus Fisika :bIstilah, Rumus, Penemuan /cHermawan Aksan (Penulis); Ika Fibrianti (Editor) aCetakan II, Januari 2019 aBandung :bNuansa Cendikia,c2019 a161 Halaman :bteks ;c20,5 cm 4aKamus Fisika